000 00935nam a2200277 i 4500
003 EG-GICUC
005 20260121101419.0
008 251203r1968 ||||fr|||| 00| 0 eng d
040 _aEG-GiCUC
_beng
_cEG-GiCUC
_dEG-GiCUC
_erda
041 0 _aeng
082 0 4 _221
_a338.9
_bSH . K
092 0 4 _221
099 _aLaw1 13 338.9 SH . K 1968
100 1 _aShihata, Ibrahim F. I.
_eAuthor.
245 1 4 _aThe kuwait fund for arab economic development :
_bA legal study /
_cBy Ibrahim F. I. Shihata.
264 1 _a[Place of publication not specified] :
_b[Publisher not specified],
_c1968.
300 _a144 pages ;
_c24 cm
336 _2rda content
_atext
337 _2rda media
_aComputer
338 _2rda carrier
_aOnline Resource
546 _aText in English
650 1 4 _aPublic finance and tax legislation
856 4 0 _uhttps://fll.law.cu.edu.eg/fulltext/bks/B13-07375.pdf
905 _a30
_eHassnaa
942 _2ddc
_cBK
_e21
_n0
999 _c48080
_d48080